000 00229nam a2200109Ia 4500
005 20251222144758.0
008 251222s9999||||xx |||||||||||||| ||spa||
082 _a304.6/I59C
245 0 _aPerĂº:
264 _bINEI
942 _cLIB
999 _c19622
_d19622